000 00470nam a2200181Ia 4500
001 19665
005 20260306172709.0
008 260306t2007||||xx |||||||||||||| ||spa||
041 _aESP
082 _a340.985
_bD63
100 _aDeustua Pimentel, Carlos
_eAUT
245 0 _aEnsayo sobre las instituciones jurídicas del Virreinato del Perú
260 _c2007
300 _a228 páginas :
_c22 cm.
650 _aGEN
654 _aCDE
942 _cLIB
_dJUS
_fJUS
_2ddc
_n
999 _c19665
_d19665